000 00468nmm a2200157Ia 4500
008 251105s9999||||xx |||||||||||||||||und||
020 _a9788412037876
041 _aspa
100 _aGarcía Díaz , Lourdes
245 0 _aAmor a destiempo
264 _a[Madrid, España] :
_bEdiciones Arcanas,
_c[Fecha de publicación no identificada]
300 _a0 páginas
650 _aErotic novel
856 _uhttps://public.digitaliapublishing.com/a/100529
942 _cCF
999 _c76155
_d76155